Opera / (Record no. 153420)

MARC details
000 -LEADER
campo de control de longitud fija 00494nam a2200157 i 4500
001 - NÚMERO DE CONTROL
campo de control 153420
003 - IDENTIFICADOR DE NÚMERO DE CONTROL
campo de control ES-MaACL
005 - FECHA Y HORA DE LA ÚLTIMA TRANSACCIÓN
campo de control 20230906205221.0
008 - DATOS DE LONGITUD FIJA--INFORMACIÓN GENERAL
campo de control de longitud fija 170822s1797 sp |||| | lat d
100 1# - ENTRADA PRINCIPAL--NOMBRE DE PERSONA
Nombre de persona Cicerón, Marco Tulio.
9 (RLIN) 38748
245 10 - MENCIÓN DEL TÍTULO
Título Opera /
Mención de responsabilidad, etc. M. Tulii Ciceronis.
260 ## - PUBLICACIÓN, DISTRIBUCIÓN, ETC.
Lugar de publicación, distribución, etc. Matriti :
Nombre del editor, distribuidor, etc. ex Regia Typographia,
Fecha de publicación, distribución, etc. 1797.
300 ## - DESCRIPCIÓN FÍSICA
Extensión 13 v. con 14 lám. ;
Dimensiones 22 cm.
500 ## - NOTA GENERAL
Nota general Con retratos de Carlos IV, de Ciceron y de otros.
852 ## - LOCALIZACIÓN
Ubicación ES-MaACL
Número de control de estantería R-1154-66 Olim: G-10680-92
Holdings
Estatus retirado Estado de pérdida Estado de daño No para préstamo Colección Biblioteca de origen Biblioteca actual Ubicación en estantería Fecha de adquisición Fuente de adquisición Total de préstamos Signatura topográfica completa Código de barras Visto por última vez Precio de reemplazo Tipo de ítem Koha
        Libros del s. XVIII Biblioteca del Ateneo de Madrid Biblioteca del Ateneo de Madrid Depósito 22/08/2017     R-1154-66 1197943 23/02/2023 23/02/2023 Libro impreso antiguo